Ľudové kurzy ruštiny poradca pre aktív pracovníkov ĽKR

Bibliographic Details
New Title:Ruštinár
Previous Title:Práca učiteľa v ĽKR
Other Authors: Horák, Vladimír (Publishing director)
Format: Journal
Language:Slovak
Russian
PhysicalDescription:12 zv. 21 cm
Published: Bratislava Svet socializmu 1954-1965
Bratislava Slovenský výbor ZČSSP
Subjects:

MARC

LEADER 00000cas a22000001a 4500
001 vtls010299759
003 SK-MaSNL
005 20260228163008.0
008 110810d19541965xo mr|p 0 b0slo
040 |a SNK  |b slo  |c SNK  |e AACR2 
041 0 |a rus  |a slo 
044 |a xo  |c SK 
072 7 |a 811.161.1  |x Ruština  |2 konspekt 
080 |a 81’24:37.018.4  |2 2001 
080 |a 811.161.1  |2 2001 
080 |a 050  |2 2001 
245 0 0 |a Ľudové kurzy ruštiny  |b poradca pre aktív pracovníkov ĽKR 
260 |a Bratislava  |b Svet socializmu  |c 1954-1965 
260 3 |3 5/1954-10/1965  |a Bratislava  |b Slovenský výbor ZČSSP 
300 |a 12 zv.  |c 21 cm 
310 |a 1x mesačne 
362 0 |a Roč. II, č. 1 (jan. 1954)-roč. 13, č. 10 (dec. 1965) 
500 |a Zmena podnázvu: od 8/(okt. 1954) časopis pre pracovníkov ĽKR, od 3/(apr. 1955) poradca pre aktív pracovníkov ĽKR, od 1/(1961) časopis pre pracovníkov ĽKR 
500 |a Zodp. zást.: 1/1954-10/1965, Vladimír Horák a autorský kol.; od 9/1964 sa Jozef Bardún uvádza ako red. 
500 |a Vyd. Svet socializmu, vyd. ZČSSP, od 5/II Slov. výbor ZČSSP v Bratislave 
546 |a Text aj rus. 
580 |a Nadviazal na časopis Práca učiteľa v ĽKR 
580 |a Časopis pokračoval od r. 1966 pod názvom Ruštinár 
650 0 7 |a ruština  |2 SNKPH  |9 1346 
650 0 7 |a jazykové kurzy  |2 SNKPH  |9 69932 
655 7 |a odborné časopisy  |2 SNKPH  |9 70505 
700 1 |a Horák, Vladimír  |4 pbd  |9 272720 
700 1 |a Bardún, Jozef,  |d 1932-  |4 red  |9 5437 
780 0 0 |t Práca učiteľa v ĽKR  |w vtls010301986 
785 0 0 |t Ruštinár  |w vtls008881732 
910 |a snk 
916 |a 1954-1965 
999 |c 8694  |d 10624 
952 |0 0  |1 0  |4 0  |7 0  |a SNK  |b SNK  |d 1997-06-16  |l 0  |o snkČSD 141/13/1965 D1  |p 17A0073443  |r 2005-01-02 00:00:00  |t č. 1-10  |w 2026-02-21  |y PREZ 
952 |0 0  |1 0  |4 0  |7 0  |a SNK  |b SNK  |d 2002-08-22  |l 0  |o snkČSD 141/9/1961 D1  |p 17A0350969  |r 2005-01-02 00:00:00  |t č. 1-10  |w 2026-02-21  |y PREZ 
952 |0 0  |1 0  |4 0  |7 0  |a SNK  |b SNK  |d 2014-05-06  |f 1  |i snkČSP 191/57  |l 0  |o snkČSD 141/4/1956   |p 17A0729671  |r 2026-02-21 19:56:22  |t č. 1-10  |w 2026-02-21  |y PREZ 
952 |0 0  |1 0  |4 0  |7 0  |a SNK  |b SNK  |d 2014-05-06  |f 1  |i snkČSP 1161/60  |l 0  |o snkČSD 141/7/1959   |p 17A0729674  |r 2026-02-21 20:23:10  |t č. 1-10  |w 2026-02-21  |y PREZ 
952 |0 0  |1 0  |4 0  |7 0  |a SNK  |b SNK  |d 2014-05-06  |f 1  |i snkČSP 285/56  |l 0  |o snkČSD 141/5/1957   |p 17A0729672  |r 2026-02-21 20:23:17  |t č. 1-10  |w 2026-02-21  |y PREZ 
952 |0 0  |1 0  |4 0  |7 0  |a SNK  |b SNK  |d 2014-05-06  |f 1  |i snkČSP 429/59  |l 0  |o snkČSD 141/6/1958   |p 17A0729673  |r 2026-02-21 20:23:17  |t č. 1-8  |w 2026-02-21  |y PREZ 
952 |0 0  |1 0  |4 0  |7 0  |a SNK  |b SNK  |d 2014-05-06  |f 1  |i snkČSP 598/56  |l 0  |o snkČSD 141/3/1955   |p 17A0729670  |r 2026-02-21 20:40:49  |t č. 1-7  |w 2026-02-21  |y PREZ  |z v exeplári je priviazaný aj Horolezec, roč. II, č. 1-3 
952 |0 0  |1 0  |4 0  |7 0  |a SNK  |b SNK  |d 2014-05-06  |f 1  |i snkČSP 1511/61  |l 0  |o snkČSD 141/8/1960   |p 17A0729675  |r 2026-02-21 20:40:49  |t č. 1-10  |w 2026-02-21  |y PREZ 
952 |0 0  |1 0  |4 0  |7 0  |a SNK  |b SNK  |d 2014-05-06  |f 1  |i snkII. 1718/55  |l 0  |o snkČSD 141/2/1954   |p 17A0729669  |r 2026-02-21 21:03:10  |t č. 1-10  |w 2026-02-21  |y PREZ 
952 |0 0  |1 0  |4 0  |7 0  |a SNK  |b SNK  |d 2014-05-06  |f 1  |i snkČSP 49/63  |l 0  |o snkČSD 141/9/1961   |p 17A0729676  |r 2026-02-21 21:03:11  |t č. 1-10  |w 2026-02-21  |y PREZ 
952 |0 0  |1 0  |4 0  |7 0  |a SNK  |b SNK  |d 2014-05-06  |f 1  |i snkČSP 715/63  |l 0  |o snkČSD 141/10/1962   |p 17A0729677  |r 2026-02-21 21:03:12  |t č. 1-10, neúplné   |w 2026-02-21  |y PREZ  |z chýba č. 10 
952 |0 0  |1 0  |4 0  |7 0  |a SNK  |b SNK  |d 2014-05-06  |f 1  |i snkČSP 590/64  |l 0  |o snkČSD 141/11/1963   |p 17A0729678  |r 2026-02-21 21:03:12  |t č. 1-10  |w 2026-02-21  |y PREZ 
952 |0 0  |1 0  |4 0  |7 0  |a SNK  |b SNK  |d 2014-05-06  |f 1  |i snkČSP 611/65  |l 0  |o snkČSD 141/12/1964   |p 17A0729679  |r 2026-02-21 21:03:12  |t č. 1-10  |w 2026-02-21  |y PREZ 
952 |0 0  |1 0  |4 0  |7 0  |a SNK  |b SNK  |d 2014-05-06  |f 1  |i snkČSP 340/66  |l 0  |o snkČSD 141/13/1965   |p 17A0729680  |r 2026-02-21 21:03:12  |t č. 1-10  |w 2026-02-21  |y PREZ